Pharmaceutical chemistry-organic / (Record no. 42969)

MARC details
000 -LEADER
fixed length control field 00887nam a22002297a 4500
005 - DATE AND TIME OF LATEST TRANSACTION
control field 20100823121311.0
010 ## - LCCN (DPL NO)
LC control number ENG-101350
020 ## - INTERNATIONAL STANDARD BOOK NUMBER
International Standard Book Number 9788184889451
Terms of availability 275.00
035 ## - SYSTEM CONTROL NUMBER
System control number EN-84883
037 ## - SOURCE OF ACQUISITION
Source of stock number/acquisition DBAD/PUB
082 ## - DEWEY DECIMAL CLASSIFICATION NUMBER
Classification number 615.19
100 ## - MAIN ENTRY--PERSONAL NAME
Personal name Chatwal, Gurdeep R.
245 ## - TITLE STATEMENT
Title Pharmaceutical chemistry-organic /
Statement of responsibility, etc by Gurdeep R. Chatwal; edited by M. Arora
260 ## - PUBLICATION, DISTRIBUTION, ETC. (IMPRINT)
Place of publication, distribution, etc New Delhi
Name of publisher, distributor, etc Himalaya Publishing House
Date of publication, distribution, etc 2010
270 ## - ADDRESS
Address 4-B, Murari Lal Street, Ansari Road, Darya Ganj
City New Delhi
Postal code 110002
300 ## - PHYSICAL DESCRIPTION
Extent v.2 (399p.)
Dimensions 28cm (pbk)
650 ## - SUBJECT ADDED ENTRY--TOPICAL TERM
Topical term or geographic name as entry element Chemistry Organic
650 ## - SUBJECT ADDED ENTRY--TOPICAL TERM
Topical term or geographic name as entry element Pharamaceutic Chemistry
700 ## - ADDED ENTRY--PERSONAL NAME
Personal name Arora, M.
9 (RLIN) 16221
942 ## - ADDED ENTRY ELEMENTS (KOHA)
Source of classification or shelving scheme Dewey Decimal Classification
Item type English Books
Classification part 615.19
Call number suffix CHA
Holdings
Withdrawn status Lost status Materials specified (bound volume or other part) Not for loan Collection code Home library Current library Date acquired Source of acquisition Cost, normal purchase price Full call number Barcode Copy number Cost, replacement price Koha item type Public note
    v.2 Not For Loan Non-fiction D.B.Act.Division D.B.Act.Division 23/08/2010 DBAD/PUB 275.00 615.19 CHA EN-84883 1 275.00 English Books v.2

© Delhi Public Library
Hit Counter
free hit counter